000 00840nam a2200253 a 4500
999 _c5337
_d5337
001 5337
003 BD-JhCC
005 20171212194908.0
008 171212s1963 enk 000 0 eng d
035 _a(BD-JhCC)5337
035 _a(OCoLC)307977
040 _aDLC
_cOGK
_dOCoLC
_dUk
_dDLC
_dBD-JhCC
041 _aeng
050 0 0 _aCE59
_b.F7 1963
082 _a529.327
_bFRE 1963
100 2 _aFreeman-Grenville, G. S. P.
_q(Greville Stewart Parker)
245 1 4 _aThe Muslim and Christian calendars :
_bbeing tables for the conversion of Muslim and Christian dates from the Hijra to the year A.D. 2000. /
_cG. S. P. Freeman-Grenville,
260 _aLondon :
_aNew York :
_bOxford University Press,
_c1963.
300 _avii, 87 p.
_c23 cm.
650 0 _aIslamic calendar.
650 0 _aChurch calendar
942 _2ddc
_cBK